Ученіе о православном богослуженіі. (Запис № 440240)

МАРК-запис
000 -Лідер
fixed length control field 00819nam a22002297a 4500
003 - Ідентифікатор контрольного номера
control field UA-OsUOA
001 - Контрольний номер
control field 41742
007 - Фіксоване поле фізичного опису
fixed length control field ta
008 - Елементи даних фіксованої довжини – загальна інформація
fixed length control field 20080930b un ||||| |||| 00| 0 ukr d
090 ## - Локальний шифр розміщення
Класифікаційний індекс УДК 09/281.9
Авторський знак (НП) М69
040 ## - Джерело каталогізації
Агенція оригінальної каталогізації UA-OsUOA
Мова каталогізації rus
Агенція, яка здійснювала перезапис UA-OsUOA
Агенція, яка здійснювала модифікацію UA-OsUOA
041 ## - Код мови
Код мови тексту/ звукової доріжки чи окремого заголовка (П) rus
080 ## - Індекс Універсальної десяткової класифікації
Індекс Універсальної десяткової класифікації (УДК) (НП) 09/281.9
100 ## - Основне введення – ім’я особи
Ім’я особи (НП) Михайловский Василий
245 ## - Відомості про назву
Назва (НП) Ученіе о православном богослуженіі.
Решта назви (НП) Приложеніе краткой славянской грамматики, словаря славянскихъ словъ и церковныхъ песнопеній.
260 ## - Публікація, розповсюдження і т.п. (Вихідні дані)
Місце публікації, розповсюдження і т.п. (П) С.-Петербург
Дата публікації, розповсюдження і т.п. (П) 1889
300 ## - Фізичний опис
Обсяг 120 с.
650 #7 - Додаткове предметне введення – тематичний термін
Тематичний термін чи географічна назва, як елемент введення (НП) 281.9 Східна православна церква і скопці
Джерело заголовка чи терміна UDC
942 ## - Додаткові елементи входу (Коха)
Тип елемента Koha Книги
955 ## - Код типу видання за змістом
Код типу видання за змістом (НП) Науково-популярні видання
Фонди
Стан вилучень Стан втрат Джерело класифікації або схеми стелажів Стан уражень Не для кредиту Постійне місце розташування Поточне розміщення Дата придбання Джерело придбання Вартість, звичайна ціна покупки Інвентарний номер Усього замовленно Повний номер виклику Штрих-код Дата останнього перегляду Ціна ефективна від Тип елемента Koha
    Universal Decimal Classification     Наукова бібліотека ІДУД Наукова бібліотека ІДУД 30/09/2008 162/2008 1.00 2129926   09/281.9 М69 2129926 15/09/2019 30/09/2008 Книги